000 00777nam a2200265Ia 4500
005 20250425161939.0
008 250425s9999 xx 000 0 und d
020 _a9688802743
041 _aspa
082 _a621.389
100 _aLENK, JOHN D.
245 0 _aMANUAL PARA LOCALIZACION DE FALLAS Y REPARACION DE AMPLIFICADORES ELECTRONICOS
250 _a1A ED.
260 _aMEXICO
260 _aMéxico
_bPRENTICE-HALL
_c1993
300 _a478
500 _aTítulo Traducido: PRACTICAL GUIDE TO ELECTRONIC AMPLIFIERS
650 _aAMPLIFICADORES DE AUDIOFRECUENCIA
650 _aAMPLIFICADORES OPERACIONALES
650 _aAVERIAS ELECTRONICAS
650 _aLOCALIZACION DE AVERIAS
700 _aENRIQUE SERVIN
_etraductor
942 _c01
010 _a36352
999 _c219430
_d219430